Wingdings Quiz - Lowercase Letters - Statistics

General Stats
  • This quiz has been taken 126 times
  • The average score is 17 of 26
Answer Stats
Hint Answer % Correct
b b
81%
a a
77%
x x
77%
c c
73%
d d
69%
f f
69%
l l
69%
m m
69%
y y
69%
z z
69%
e e
65%
g g
65%
h h
65%
i i
65%
n n
65%
p p
65%
r r
65%
s s
65%
v v
65%
o o
62%
q q
62%
t t
62%
j j
58%
k k
58%
u u
54%
w w
50%
No matching quizzes found
Score Distribution
Percent of People with Each Score
Percentile by Number Answered
Your Score History
You have not taken this quiz